Love Shine A Light - Katrina and the Waves (All Lyrics) - Statistics

General Stats
  • This quiz has been taken 11 times
  • The average score is 223 of 235
Answer Stats
Answer % Correct
a
100%
carry,
100%
carry
100%
corner
100%
every
100%
heart
100%
in
100%
Let
100%
let
100%
light
100%
Light
100%
Love
100%
love
100%
my
100%
of
100%
our
100%
shine
100%
Shine
100%
the
100%
all
90%
All
90%
And
90%
and
90%
dream
90%
gonna
90%
hearts
90%
little
90%
part
90%
to
90%
together
90%
we're
90%
world
90%
up
80%
way
80%
boy
70%
Brothers
70%
for
70%
from
70%
girl
70%
sisters
70%
magic
60%
river
60%
mighty
50%
flowin'
40%
stream
40%
Like
30%
No matching quizzes found
Score Distribution
Percent of People with Each Score
Percentile by Number Answered
Your Score History
You have not taken this quiz